| 000 | 00606nam a2200169 u 4500 | ||
|---|---|---|---|
| 001 | 000020605 | ||
| 005 | 20200930011131.0 | ||
| 008 | 100811s2014 dr a r 00 0 spa d | ||
| 040 |
_aDO-SdBNP _bspa _cBNPHU |
||
| 082 |
_axxx _bA162s |
||
| 100 | 1 |
_aAbréu Gutiérrez, Juan Aníbal _943331 |
|
| 245 | 1 | 0 |
_aSan Jose de las Matas : _b200 años de historia parroquial / _cJuan Aníbal Abréu Gutiérrez, Haliday Saturria Vargas. |
| 260 |
_aSanto Domingo : _bCooperativa San José, _c2014. |
||
| 300 |
_a123 p. : _bil. ; _c31 cm. |
||
| 590 | _aInventariariado, 2020 / DG | ||
| 700 |
_aSaturria Vargas, Haliday _943332 |
||
| 999 |
_c20109 _d20109 |
||